Bundesländer die Nordrhein-Westfalen schlagen - Statistiken

Allgemein
  • Dieses Quiz wurde 93 mal gespielt
  • Das Durchschnittsergebnis liegt bei 12 aus 15
Antwortstatistiken
Hint # Antwort % Korrekt
Am dichtesten besiedelt 4 Berlin | Bremen | Hamburg
96%
Flächenmäßig größtes Bundesland mit N 2 Niedersachsen
96%
Flughafen mit den meisten Passagieren 4 Bayern | Brandenburg | Hessen
88%
Höchste Arbeitslosenquote 6 Berlin | Bremen | Hamburg | Mecklenburg-Vorpommern | Sachsen-Anhalt
88%
Längster Name 2 Mecklenburg-Vorpommern
88%
Größte deutsche Stadt mit C 3 Brandenburg | Sachsen
82%
Größte Stadt, die kein Stadtstaat ist 2 Bayern
81%
Beherbergt den längsten Teil des Rheins 2 Baden-Württemberg
79%
Meistbesuchter Freizeitpark 2 Baden-Württemberg
77%
Westlichste Hauptstadt 2 Saarland
75%
Größter Anteil der Bevölkerung evangelisch 8 Baden-Württemberg | Bremen | Hamburg | Hessen | Niedersachsen | Rheinland-Pfalz | Schleswig-Holstein
74%
Glücklichstes Bundesland 4 Bayern | Hamburg | Schleswig-Holstein
74%
Meiste hervorgehobene JetPunk-Quizzes mit dem Land im Namen 3 (u) Bayern | Berlin
73%
Höchstes Gebäude (nicht Bauwerke) 2 Hessen
71%
Niedrigste Lebenserwartung für Frauen 4 Bremen | Saarland | Sachsen-Anhalt
67%
Keine übereinstimmenden Quizze gefunden
Verteilung der Resultate
Anzahl Personen mit jedem Resultat
Perzentil nach korrekt beantworteten Fragen
Ihre Resultats-Entwicklung
Sie haben dieses Quiz noch nicht gespielt